Calculus : concepts & connections
Αποθηκεύτηκε σε:
| Κύριος συγγραφέας: | |
|---|---|
| Άλλοι συγγραφείς: | |
| Μορφή: | Βιβλίο |
| Γλώσσα: | English |
| Δημοσίευση: |
Boston :
McGraw-Hill,
2006
|
| Θέματα: | |
| Ετικέτες: |
Προσθήκη ετικέτας
Δεν υπάρχουν, Καταχωρήστε ετικέτα πρώτοι!
|
MARC
| LEADER | 00000nam a2200000 i 4500 | ||
|---|---|---|---|
| 001 | 1/77170 | ||
| 008 | 080312s2006 eng d | ||
| 020 | |a 978-0-07-282623-4 | ||
| 020 | |a 0-07-282623-1 | ||
| 035 | |l 10095353 | ||
| 040 | |a GR-MY-UA |b gre |e aacr | ||
| 041 | 0 | |a eng | |
| 082 | 0 | |a 515 |2 (22) | |
| 100 | 1 | |a Smith, Robert T. |q (Robert Thomas) |d 1955- | |
| 245 | 1 | 0 | |a Calculus : |b concepts & connections / |c Robert T. Smith, Roland B. Minton |
| 260 | |a Boston : |b McGraw-Hill, |c 2006 | ||
| 300 | |a π. 1300 σ. με ποικίλες σελιδαριθμήσεις; |b σχ., διαγρ.; |c 26 εκ. | ||
| 504 | |a Περιέχει βιβλιογραφικές αναφορές και ευρετήριο | ||
| 650 | 0 | 0 | |a Calculus. |
| 650 | 0 | 0 | |a Mathematical analysis. |
| 700 | 1 | |a Minton, Roland B. |d 1956- | |
| 852 | |a INST |b LESVOS |e 20080312 |h 515 SMI |p 005100040605 |q 005100040605 |t BK |y 0 | ||
| 901 | |a BIBL1-2008-1 | ||
| 909 | |a Λ |b 145801 | ||
| 922 | |a 1ΕΛΗ |b 200802 |c ΕΠΕΑΕΚ2/ΤΠ |d ΠΑΠΑΣΩΤΗΡΙΟΥ | ||
| 970 | |a ΧΑΤΖΗΜΙΧΑΗΛ |b ΜΑΡΙΑ |z 2008/03/12 | ||